000 00579nam a2200181 i 4500
001 40383
003 ES-MaACL
005 20230906160216.0
007 t|
008 030306s1945 ag ||||1| spa d
100 1 _aCarnevale, Juan de.
_935376
245 1 0 _aÁrboles forestales :
_bdescripción, cultivo, utilización /
_cJuan de Carnevale.
250 _a2ª ed. aum.
260 _aBuenos Aires :
_bEl Ateneo,
_c[1945] (
_fArt. Gráf. Bartolomé U.)
300 _a455 p., 6 lám. col. :
_bil. ;
_c23 cm.
650 4 _aÁrboles forestales.
_9172767
852 4 _aES-MaACL
_jE-2104
999 _c40383
_d40383